Trenerzy Reprezentacji Polski w piłce nożnej w 21 wieku - Statystyki

Ogólne statystyki
  • Ten quiz został rozwiązany 144 razy
  • Średni wynik to 8 z 12
Statystyki odpowiedzi
Hint Odpowiedź % Poprawnych
1 lis 2013-31 lip 2018 Adam Nawałka
95%
21 sty 2021- 29 gru 2021 Paulo Sousa
93%
31 sty 2022-? Czesław Michniewicz
92%
12 lip 2018-18 sty 2021 Jerzy Brzęczek
87%
29 paź 2009-30 cze 2012 Franciszek Smuda
84%
8 lip 2002-22 lis 2002 Zbigniew Boniek
74%
10 lip 2012-16 paź 2013 Waldemar Fornalik
70%
26 sty 2000-14 cze 2002 Jerzy Engel
67%
11 lip 2006-10 wrz 2009 Leo Beenhakker
64%
20 gru 2002-11 lip 2006 Paweł Janas
64%
11 wrz 2009-29 paź 2009 Stefan Majewski
37%
1 lip 2002-30 cze 2003 Edward Klejndinst
0%
Nie znaleziono quizów pasujących do podanych kryteriów
Rozkład punktacji
Procent ludzi z każdym wynikiem
Percentyl według liczby udzielonych odpowiedzi
Twoja historia wyników
Nie rozwiązałeś tego quizu